000 00270nam a22001097a 4500
008 230620b xxu||||| |||| 00| 0 eng d
082 _a320.3
_bKEP
245 _aInspiring a New Era
260 _aKenya
_bKenya Private Sector Alliance
300 _aXII,84p
942 _2ddc
_cBK
999 _c1523
_d1523